000
00196nam a2200109Ia 4500
100
_a
#N/A
942
_c
BK
654
_a
star war
245
_a
War 8.20
260
_b
#N/A
_c
2005
546
_a
ENGLISH
999
_c
21901
_d
21901